|
|
|
|
| LEADER |
02192nam a2200445Ia 4500 |
| 001 |
34955 |
| 003 |
BD-DhAAL |
| 005 |
20230525150844.0 |
| 008 |
040706t20032002enk 000 1 eng |
| 015 |
|
|
|a GBA3W1595
|2 bnb
|
| 016 |
7 |
|
|a 009054325
|2 Uk
|
| 020 |
|
|
|a 9780141180311
|
| 020 |
|
|
|a 0141180315 (v. 1)
|
| 020 |
|
|
|a 0140911162 (pbk)
|
| 035 |
|
|
|a (OCoLC)55847935
|
| 040 |
|
|
|a EYM
|c EYM
|d UKM
|d MBB
|d MYG
|d BD-DhAAL
|
| 041 |
1 |
|
|a eng
|
| 049 |
|
|
|a MYGG
|
| 082 |
0 |
4 |
|a 843.912
|2 21
|
| 100 |
1 |
|
|a Proust, Marcel,
|d 1871-1922.
|9 33234
|
| 245 |
1 |
0 |
|a In search of lost time
|n volume 1. The way by Swann's /
|c Marcel Proust ; general editor, Christopher Prendergast, translated and with an introduction and notes by Lydia Davis
|
| 260 |
|
|
|a London ;
|a New York :
|b Penguin Books,
|c 2003.
|
| 300 |
|
|
|a xxxvii, 450 pages ;
|c 20 cm.
|
| 362 |
|
|
|a volume 1. The way by Swann's
|
| 490 |
1 |
|
|a Penguin classics
|
| 500 |
|
|
|a Originally published: London : Allen Lane, 2002.
|
| 505 |
0 |
|
|a v. 1. The way by Swann's / translated and with introduction and notes by Lydia Davis -- v. 2. In the shadow of young girls in flower -- v. 3. The Guermantes way -- v. 4. Sodom and Gomorrah -- v. 5. The prisoner and the fugitive -- v. 6. Finding time again.
|
| 520 |
|
|
|a 'In search of lost time' is Proust's masterpiece and was described by Somerset Maugham as the greatest novel of the 20th century.
|
| 526 |
|
|
|a ENH
|
| 541 |
|
|
|a Karim International
|e 34955, 34956
|
| 546 |
|
|
|a Translated from the French.
|
| 651 |
|
0 |
|a France
|x Social life and customs
|v Fiction.
|9 33235
|
| 700 |
1 |
|
|a Prendergast, Christopher.
|9 33236
|
| 700 |
1 |
|
|a Davis, Lydia.
|9 33237
|
| 830 |
|
0 |
|a Penguin classics.
|9 33238
|
| 852 |
|
|
|a Ayesha Abed Library
|c General Stacks
|
| 942 |
|
|
|2 ddc
|c BK
|
| 999 |
|
|
|c 40862
|d 40862
|
| 952 |
|
|
|0 0
|1 0
|2 ddc
|4 0
|6 843_912000000000000_PRO
|7 0
|9 65810
|a BRACUL
|b BRACUL
|c GEN
|d 2019-07-22
|e Karim International
|g 780.00
|l 8
|m 31
|o 843.912 PRO
|p 3010034955
|r 2026-05-12
|s 2026-04-29
|t 1
|v 780.00
|w 2019-07-22
|y BK
|
| 952 |
|
|
|0 0
|1 0
|2 ddc
|4 0
|6 843_912000000000000_PRO
|7 0
|9 65811
|a BRACUL
|b BRACUL
|c GEN
|d 2019-07-22
|e Karim International
|g 780.00
|l 4
|m 14
|o 843.912 PRO
|p 3010034956
|r 2026-03-28
|s 2026-03-02
|t 2
|v 780.00
|w 2019-07-22
|y BK
|